000 00630nam a2200217Ia 4500
005 20250425162843.0
008 250425s9999 xx 000 0 und d
020 _a9781119418009
041 _aeng
082 _a621.380
_pOUY
100 _aOuyang, Feng
245 0 _aDigital communication for practicing engineers
_cFeng Ouyang
250 _aFirst edition
260 _aNew Jersey
_bJohn Wiley & Sons
_c2020
300 _a641 páginas
_bilustraciones
_c23.5 cm.
504 _aIncludes bibliographical references
650 _aDigital communication
902 _aMonográfico
_cImpreso
942 _c01
010 _a113748
999 _c237770
_d237770